Shadowhunters Netflix Tv Series Cast and Characters - Statistics

General Stats
  • This quiz has been taken 843 times
    661 since last reset
  • The average score is 20 of 63
Answer Stats
Hint Answer % Correct
Matthew Daddario Alec Lightwood
97%
Katherine McNamara Clary Fray
97%
Dominic Sherwood Jace herondale
95%
Harry Schum Jr Magnus Bane
92%
Alberto Rosende Simon Lewis
88%
Isaiah Mustafa Luke Garroway
82%
Owen roth Young Valentine Morgenstern
81%
Emeraude Toubia Izzy Lightwood
79%
David Castro Raphael Santiago
72%
Maxim Roy Jocelyn Fray
64%
Susanna Fournier young Jocelyn
64%
Alisha Wainwright Maia Roberts
62%
Will Tudor Sebastian Verlac
59%
Nicole Correia- Damude Maryse Lightwood
52%
Jack Fulton Max Lightwood
51%
Paulino nunes Robert Lightwood
44%
Anna Hopkins Lilith
40%
Jade Hassoune Meliorn
40%
Kaitlyn Leeb Camille Belcourt
38%
Chai Romruen ( Hansen) Jordan Kyle
37%
Stephanie Bennett Lydia Branwell
36%
Jon Cor Hodge starkweather
35%
Tessa Mossey Heidi Mckenzie
31%
Vanessa Matsui Dot Rollins
30%
Alan Van Sprang Valentine Morgenstern
29%
Mimi Kuzyk Imogen Herondale
27%
Javier Munoz Lorenzo Rey
27%
Joe Labelle Alaric
24%
Ariana Williams Madzie
24%
Brooks Darnell Asmodeus
22%
Nick Sagar Victor Aldertree
22%
Holly Deveaux Rebecca lewis
18%
Christina Cox Elaine Lewis
17%
Shailene Garnett Maureen
17%
Lisa Berry Cleophas Garroway
15%
Stephanie Belding Dr Iris Rouse
15%
Elias Toufexis Jonathon
14%
Will Tudor Jonathon
14%
Luke Baines Jonathon Morgenstern
14%
Alexandra Ordolis Ollie
13%
Adam J. Harrington Michael wayland
12%
Joanne Jansen Gretel Monroe
11%
Brett Donahue Azazel
10%
Jordan Hudyma Blackwell
10%
Michelle Argyris Kaelie
10%
Stephen R. Hart Brother Jeremiah
9%
Jessica Matten Maria
9%
Curtis Morgan Pangborn
9%
Chad Connell Quinn
9%
Lisa Marcos Susanna Vargas
9%
Phillip MacKenzie Brother Enoch
8%
Mouna Traore Midori
8%
Mya Michaels Rosa Lopez
8%
Ari Cohen Theo
8%
Erica Deutschman Eloise
7%
Alyssa Capriotti Lindsay
7%
Neven Paikic Taito
7%
Farah Merani Sister Magdalena
6%
Michael Cram Ned Fisk
5%
Stephen Huszar Brad
4%
Jenny Raven Leigh
4%
Gabriel Darku Jeremy
3%
Nykeem provo Young Luke garroway
2%
No matching quizzes found
Score Distribution
Percent of People with Each Score
Percentile by Number Answered
Your Score History
You have not taken this quiz since the last reset